| 000 | 00000nam##2200000za#4500 |
| 001 | 9.525934 |
| 003 | CaOODSP |
| 005 | 20210305151635 |
| 007 | ta |
| 008 | 150406|1995||||xxc||||| f|0| 0 eng|d |
| 040 | |aCaOODSP|beng |
| 041 | |aeng |
| 041 | |afre |
| 043 | |an-cn--- |
| 086 | 1 |aXB351-94/1 |
| 110 | 1 |aCanada. |bParliament. |bHouse of Commons. |
| 245 | 10|aManganese-based Fuel Additives Act : |b(An Act to regulate interprovincial trade in and the importation for commercial purposes of certain manganese-based substances.) / |c(The Minister of the Environment.) |
| 260 | |bHouse of Commons |cFirst reading, May 19, 1995. |
| 300 | |a9, 2p. |
| 490 | 1 |aBills of the House of Commons|vC-94 |
| 546 | |aBilingual |
| 590 | |a95-21|b1995-05-26 |
| 792 | |tLoi sur les additifs à base de manganèse : |efre|w(CaOODSP)9.525935 |
| 830 | #0|aBills of the House of Commons ;|vC-94|w(CaOODSP)9.509694 |